000 00720nam a2200229 i 4500
001 183233
003 ES-MaACL
005 20230906221835.0
008 140130s1993 xxk |||| | eng d
020 _a0-500-20156-0
080 _a75 Bruegel, Pieter, el Viejo, (ca. 1525-1569)
100 1 _aGibson, Walter S.
_9154332
245 1 0 _aBruegel /
_cWalter S. Gibson.
260 _aLondon :
_bThames and Hudson,
_c1993.
300 _a216 p. :
_bil. col. y n. ;
_c21 cm.
490 1 _aWorld of art
504 _aBibliografía: p. 207-209. Índice.
600 1 4 _aBrueghel, Pieter.
_9145172
830 0 _aWorld of art
_9191886
852 _aES-MaACL
_jL-30051
_z.- Donat. Miguel A. Velasco
999 _c183233
_d183233